Loading...
| History - European | 0 | 5 | 1 | 0 | 45 | 20 | 57.60 | 0 | 3 | 0.00 | 0.00 |
| History - World | 0 | 4 | 0 | 1 | 40 | 11 | 58.50 | 1 | 1 | 0.00 | 0.00 |
| History - Other | 0 | 3 | 0 | 1 | 30 | 33 | 70.33 | 1 | 1 | 0.00 | 0.00 |
| Religion | 0 | 4 | 2 | 1 | 30 | 58 | 79.50 | 2 | 3 | 0.00 | 0.00 |
| Social Science | 0 | 3 | 0 | 1 | 30 | 36 | 73.00 | 1 | 2 | 0.00 | 0.00 |
| Current Events | 0 | 3 | 1 | 0 | 25 | 31 | 49.33 | 0 | 2 | 0.00 | 0.00 |
| History - American | 0 | 4 | 3 | 0 | 25 | 15 | 49.75 | 2 | 3 | 0.00 | 0.00 |
| Literature - World | 0 | 2 | 0 | 1 | 20 | 91 | 92.00 | 0 | 0 | 0.00 | 0.00 |
| Science - Physics | 0 | 1 | 0 | 0 | 10 | 104 | 104.00 | 0 | 0 | 0.00 | 0.00 |
| Literature - British | 0 | 1 | 0 | 1 | 10 | 115 | 115.00 | 0 | 0 | 0.00 | 0.00 |
| Literature - European | 0 | 1 | 0 | 1 | 10 | 125 | 125.00 | 0 | 0 | 0.00 | 0.00 |
| Mythology | 0 | 1 | 0 | 0 | 10 | 78 | 78.00 | 0 | 0 | 0.00 | 0.00 |
| Fine Arts - Other | 0 | 1 | 0 | 1 | 10 | 99 | 99.00 | 0 | 0 | 0.00 | 0.00 |
| Science - Other | 0 | 1 | 0 | 0 | 10 | 96 | 96.00 | 0 | 0 | 0.00 | 0.00 |
| Philosophy | 0 | 2 | 2 | 0 | 10 | 91 | 96.00 | 0 | 1 | 0.00 | 0.00 |
| Pop Culture | 0 | 1 | 0 | 1 | 10 | 73 | 73.00 | 0 | 0 | 0.00 | 0.00 |
| Literature - American | 0 | 1 | 1 | 0 | 5 | 102 | 102.00 | 0 | 1 | 0.00 | 0.00 |
| Geography | 0 | 1 | 2 | 0 | 0 | 91 | 91.00 | 0 | 0 | 0.00 | 0.00 |
| Painting/Sculpture | 0 | 0 | 0 | 0 | 0 | 0.00 | 0 | 0 | 0.00 | 0.00 | |
| Fine Arts - Classical Music | 0 | 0 | 1 | 0 | -5 | 0.00 | 0 | 0 | 0.00 | 0.00 |